Nemčina pre každého praktická učebnica nemčiny pre začiatočníkov, pokročilých aj samoukov

Podrobná bibliografia
Hlavní autori: Svozil, Josef, 1895-1979 (Autor), Reptiš, Pavol (Autor)
Médium: Kniha
Jazyk:slovenčina
nemčina
Fyzický popis:148 s. 8°
Vydavateľské údaje: Bratislava Unás 1939
Vydanie:Nové prepracované vydanie
Predmet:

MARC

LEADER 00000cam a2200000 a 4500
001 vtls008399923
003 SK-MaSNL
005 20260301205110.0
008 250313s1939 xo p 000 0 slo
015 |a SNBA19391941-001569 
035 |a SK01SNKBKSD120020092140 
035 |a urn:nbn:sk:snk-am3i5vt 
035 |a 8F7853EF-CB34-4C2B-B8BD-33EB78C9B94D 
035 |a urn:nbn:sk:snk-am00dl6n 
035 |a SKM000094603 
040 |a SNK  |b slo  |c SNK  |e AACR2 
041 0 |a slo  |a ger 
044 |a xo  |c SK 
080 |a 803.0(075)  |2 1981 
100 1 |a Svozil, Josef,  |d 1895-1979  |4 aut  |9 205032 
245 1 0 |a Nemčina pre každého  |b praktická učebnica nemčiny pre začiatočníkov, pokročilých aj samoukov  |c napísali Jozef Svozil a Dr. Pavol Reptiš 
250 |a Nové prepracované vydanie 
260 |a Bratislava  |b Unás  |c 1939  |e Bratislava  |f Slov. Grafia 
300 |a 148 s.  |c 8° 
650 0 7 |a nemčina  |2 SNKPH  |9 1384 
655 7 |a učebnice  |2 SNKPH  |9 22521 
700 1 |a Reptiš, Pavol  |4 aut  |9 308782 
852 |a Slovenská národná knižnica 
958 |a OND 
958 |a RK 
958 |a TL 
999 |c 908976  |d 910906 
952 |a SNK  |b SNK  |y VYP  |7 0  |p 17A0648899  |o snkSD 6872 D1  |i snkK 809/78  |8 3  |0 0  |1 0  |4 0  |d 2010-03-04  |l 0  |r 2026-02-24 07:38:12  |w 2026-02-24 
952 |a SNK  |b SNK  |y PREZ  |7 0  |p 17A0911714  |o snkSD 6872  |i snk4762/50  |0 0  |1 0  |4 0  |d 2019-06-25  |f 1  |l 0  |r 2025-11-14 00:00:00  |w 2026-02-24